Mallorca /

Main Author: Lee, Phil, 1951-
Language: Czech
Published: V Brně : Lingea, 2025
Edition: 3. vydání
Series: Průvodce do kapsy (Lingea)
Physical Description: 139 stran : barevné ilustrace ; 15 cm
Language note: Český text
Book
Saved in:
LEADER 01742nam a2200505 i 4500
001 nkc20253678402
003 CZ PrNK
005 20250708155157.0
007 ta
008 250325s2025 xr a e f 001 0 cze
015 |a cnb003678402 
020 |a 978-80-7700-077-2  |q (brožováno) 
035 |a (OCoLC)1531363657 
040 |a BOA001  |b cze  |e rda 
041 1 |a cze  |h eng 
043 |a e-sp--- 
072 7 |a 913(4)  |x Geografie Evropy, reálie, cestování  |2 Konspekt  |9 7 
080 |a 913(460.32)  |2 MRF 
080 |a (460.32)  |2 MRF 
080 |a (036)913  |2 MRF 
100 1 |a Lee, Phil,  |d 1951-  |7 jn20020721021  |4 aut 
240 1 0 |a Mini rough guide to Mallorca.  |l Česky 
245 1 0 |a Mallorca /  |c autor: Phil Lee 
250 |a 3. vydání 
264 1 |a V Brně :  |b Lingea,  |c 2025 
300 |a 139 stran :  |b barevné ilustrace ;  |c 15 cm 
336 |a text  |b txt  |2 rdacontent 
337 |a bez média  |b n  |2 rdamedia 
338 |a svazek  |b nc  |2 rdacarrier 
490 1 |a Průvodce do kapsy 
500 |a Přeloženo z angličtiny 
500 |a Chronologický přehled 
500 |a Obsahuje rejstřík 
546 |a Český text 
651 7 |a Mallorca (Baleáry : ostrov)  |7 ge129938  |x reálie  |2 czenas 
651 9 |a Mallorca Island (Balearic Islands)  |x description and travel  |2 eczenas 
655 7 |a turistické průvodce  |7 fd133738  |2 czenas 
655 9 |a tourist guidebooks  |2 eczenas 
830 0 |a Průvodce do kapsy (Lingea)  |0 s 
910 2 |a BOA001  |b S-1546.166 
990 |a BK 
995 |a 01 
991 |b 202506  |c NOV 
996 6 |b 2611005670  |c S-1546.166  |l MZK  |r Sklad / do 24 hodin  |n 0  |p p.v.  |w 002008044  |u 000010  |a 1  |e BOA001  |j MZK50  |s P 
996 7 |b 2611005671  |c S-1546.166  |l MZK  |r Sklad / do 24 hodin  |n 8  |p p.v.  |w 002008044  |u 000020  |a 1  |e BOA001  |j MZK50  |s A